banner-ar

الانهار العظيمة فى العالم / (Record no. 58062)

MARC details
000 -الفاتح
حقل البيانات ثابتة الطول 00668nam a2200205Ia 4500
008 - عناصر البيانات ثابتة الطول - معلومات عامة
حقل البيانات ثابتة الطول 140319s9999 xx 000 0 ara d
040 ## - مصدر الفهرسة
وكالة الفهرسة الأصلية GCL /
وكالة النسخ GCL
082 04 - رقم تصنيف ديوى العشرى
رقم التصنيف ط
رقم المادة 507
-- د ك
100 1# - المدخل الرئيسى - إسم شخصى
الإسم الشخصى محمد عبدالفتاح ابراهيم (مترجم)
245 10 - بيان العنوان
العنوان الانهار العظيمة فى العالم /
بيان المسئوليه,etc محمد عبدالفتاح ابراهيم (مترجم)
700 1# - المدخل الاضافى - اسم شخصى
الإسم الشخصى هوايت , ان تيرى
700 1# - المدخل الاضافى - اسم شخصى
الإسم الشخصى محمد صابر سليم
260 ## - PUBLICATION, DISTRIBUTION, ETC. (IMPRINT)
تاريخ النشر أو التوزيع 1992
300 ## - الوصف المادى
التعداد 118
490 ## - بيان السلسلة
عنوان السلسلة كل شىء عن
رقم المجلد/ التعيين التسلسلي 0
650 04 - المدخل الاضافى بالموضوع-مصطلح موضوعى
مصطلح موضوعي نهر النيل
650 04 - المدخل الاضافى بالموضوع-مصطلح موضوعى
مصطلح موضوعي الانهار
942 ## - عناصر المدخل الإضافي( كوها)
مصدر التصنيف او مخطط الترفيف Dewey Decimal Classification
Koha [default] item type كتاب
260 ## - PUBLICATION, DISTRIBUTION, ETC. (IMPRINT)
-- [S.N] :
-- دار المعارف ،
Holdings
حالة التراجع حالة الفقد حالة تلف ليس للاعارة المكان المؤقت الموقع الحالى تاريخ الاكتساب اجمالي اﻻعارات رقم الطلب الباركود تاريخ اخر مشاهدة تاريخ تفعيل السعر نوع وعاء كوها
        مكتبة القاهرة الكبرى مكتبة القاهرة الكبرى 03/26/2014   ط\507\د ك 149892 03/26/2014 03/26/2014 كتاب
        مكتبة القاهرة الكبرى مكتبة القاهرة الكبرى 03/26/2014   ط\507\د ك 149893 03/26/2014 03/26/2014 كتاب
        مكتبة القاهرة الكبرى مكتبة القاهرة الكبرى 03/26/2014   ط\507\د ك 149894 03/26/2014 03/26/2014 كتاب
        مكتبة القاهرة الكبرى مكتبة القاهرة الكبرى 03/26/2014   ط\507\د ك 149895 03/26/2014 03/26/2014 كتاب

Powered By

EGPV